000
00304nam a2200133Ia 4500
008
220216s9999 xx 000 0 und d
245
0
_a
Rubber growing in Papua and New Guinea
260
_b
Planter
_c
1957
300
_a
513
650
_a
New Guinea
650
_a
Papua
650
_a
Rubber
942
_c
JS
999
_c
67636
_d
67636